Redakcija ruku podala snaham, poklonnykam Endi Varhola vernuty domiv genija pop-artu ...

Bibliographic Details
Main Author: Kseňák, Mikuláš, 1933-2020 (Author)
Format: Article
Language:Ukrainian
ISSN:1339-5483
Subjects:

MARC

LEADER 00000nab a2200000 a 4500
001 vtls011704809
003 SK-MaSNL
005 20260303234016.0
008 170728c2017 xo br p ||00 c0ukr
015 |a SNBRB2017/07 
038 |a SVKPOCL 
040 |a SVKPOCL  |b slo  |c SVKPOCL  |e AACR2 
041 0 |a ukr 
044 |a xo  |c SK 
080 |a 821.161.25(437.6)-3  |2 2011 
080 |a 821.161.25(437.6)-1  |2 2011 
100 1 |a Kseňák, Mikuláš,  |d 1933-2020  |4 aut  |9 203679 
245 1 0 |a Redakcija ruku podala snaham, poklonnykam Endi Varhola vernuty domiv genija pop-artu ...  |c Mykola Ksenjak 
500 |a V rubrike Pozdravljinja Rusyniv na rik 2017 č. 2 
500 |a Z knihy Rezonanciji na knyžkў i podiji (Rezonancie kníh a podujatí. - Prešov : Akadémia rusínskej kultúry v Slovenskej republike, 2017, 154 s.) 
650 0 7 |a rusínska próza  |2 SNKPH  |9 237782 
650 0 7 |a rusínska literatúra  |2 SNKPH  |9 1293 
650 0 7 |a rusínska poézia  |2 SNKPH  |9 1292 
650 0 7 |a veršovaná próza  |2 svkpocl  |9 1088656 
773 0 |t Rusyn : odbornyj i literaturnyj časopys  |g Roč. XXVII, č. 3 (2017), s. 19  |x 1339-5483 
852 |a SVKPO  |b KIS3GCP 
856 4 2 |y Elektronická verzia časopisu je na : http://www.rusynacademy.sk 
958 |a RN 
958 |a LX 
958 |a SS 
999 |c 2518533  |d 2520463